000 00683nam a2200241Ia 4500
003 OSt
005 20220923211844.0
006 a|||||r|||| 00| 0
007 ta
008 220922b |||||||| |||| 00| 0 hin d
024 _a59,938
037 _cTextual
040 _aARTS
_cARTS
_bhin
041 _2hin
_ahin
082 _aQ2:4xK26,1, 152M7
100 _aभट्ट,, कमलाकर
_9156291
245 0 _aनिर्णयसिन्धु
246 _aNirṇayasindhu
260 _c1987
650 _aभारतीय दर्शन
942 _hQ2:4xK26,1, 152M7
_cTEXL
_2CC
999 _c304142
_d304142